Sugerencias y ejercicios. Enciclopedia intuitiva, sintética y práctica (Primer Grado).

Gespeichert in:
Bibliographische Detailangaben
1. Verfasser: Alvarez, Antonio. Autor
Format: keine Angabe
Sprache:Spanisch
Erschienen: Valladolid Miñón 1962
Katalog:MANES:  Suchergebnis im Bibliothekskatalog
Schulbuchspezifische Eigenschaften:
Tags: Tag hinzufügen
Keine Tags, Fügen Sie den ersten Tag hinzu!
Hinzugefügt zu:26.04.2016
Geändert in:20.11.2024

MARC

LEADER 000000000a22000000004500
001 10658
003 OSt
005 20241121020127.0
008 160427s sp ||||| |||| 00| 0 spa d
040 |c centro_manes 
041 1 |a spa 
691 7 |a PRI 
100 1 |a Alvarez, Antonio. Autor  |9 5458 
245 0 0 |a Sugerencias y ejercicios. Enciclopedia intuitiva, sintética y práctica (Primer Grado). 
260 3 |a Valladolid  |b Miñón  |c 1962 
300 |a 542 p.  |c 21,5 x 15 cm 
500 |a Aprobado por el M.E.N. (B.O.E. 25 de Septiembre de 1954).  |a Libro del Profesor 
690 7 |a CN  |a ECS 
690 0 |a EyL 
942 |2 ddc  |c BK 
546 |a España 
999 |c 16632  |d 16632 
999 |c manes:16632  |d 16632